| 000 | 00550nam a2200205Ia 4500 | ||
|---|---|---|---|
| 003 | OSt | ||
| 005 | 20140407093736.0 | ||
| 008 | 140130s9999 xx 000 0 und d | ||
| 020 | _a9780439833813 | ||
| 050 |
_aTK 6143.B4 _b.B47 2007 |
||
| 100 | _aBerger, Melvin & Gilda | ||
| 245 |
_cMelvin & Gilda Berger. _aDid You Invent The Phone Alone, Alexander Graham Bell? / |
||
| 260 |
_bScholastic, _c2007. _aUSA : |
||
| 300 |
_a48 p. : _bcol. ill. ; _c21 cm. |
||
| 440 | _v1 | ||
| 521 | _aG6 | ||
| 526 | _c820 | ||
| 942 |
_cBK _2lcc |
||
| 999 |
_c41191 _d41191 |
||